Komparatívna analýza preferencií zamestnancov s ohľadom na ich pracovné očakávania a hodnoty
Zameranie na rozbor rozdielov v motivácii medzi generáciou Y a generáciou Z. Identifikovanie špecifík ich motivačných preferencií a poskytnutie odporúčaní pre personalistiku a manažérsku prax.
Gespeichert in:
| 1. Verfasser: | |
|---|---|
| Weitere Verfasser: | , |
| Format: | Buchkapitel |
| Sprache: | Slowakisch |
| Schlagworte: | |
| Tags: |
Keine Tags, Fügen Sie das erste Tag hinzu!
|
MARC
| LEADER | 00000naa$a2200000$$$4500 | ||
|---|---|---|---|
| 001 | 0311595 | ||
| 005 | 20250715110020.6 | ||
| 041 | 0 | |a slo | |
| 044 | |a SK | ||
| 245 | 1 | 0 | |a Komparatívna analýza preferencií zamestnancov s ohľadom na ich pracovné očakávania a hodnoty |c Miroslava Ostrihoňová, Zuzana Hajduová, Katarína Tibenská |
| 520 | |a Zameranie na rozbor rozdielov v motivácii medzi generáciou Y a generáciou Z. Identifikovanie špecifík ich motivačných preferencií a poskytnutie odporúčaní pre personalistiku a manažérsku prax. | ||
| 610 | 2 | 0 | |a motivácia |
| 610 | 2 | 0 | |a motivácia pracovná |
| 610 | 2 | 0 | |a kultúra podnikania |
| 610 | 2 | 0 | |a kultúra podniková |
| 610 | 2 | 0 | |a analýza komparatívna |
| 610 | 2 | 0 | |a zamestnanci |
| 610 | 2 | 0 | |a preferencie |
| 100 | 1 | |a Ostrihoňová, Miroslava, 1975- | |
| 700 | 1 | |a Hajduová, Zuzana, 1974- | |
| 700 | 1 | |a Tibenská, Katarína | |